000 00457nam a2200157Ia 4500
999 _c18702
_d18702
003 OSt
005 20200623101043.0
008 190216s9999||||xx |||||||||||||| ||und||
040 _coclc
082 _a954
_bMEN/S
100 _aMenon, V P
_92606
245 4 _aThe Story Of The Integration Of The Indian States /
_cV P Menon
260 _bOrient Longman,
_c1961.
_aBombay:
300 _a489p
942 _cBK
_2ddc
_h954
_iMEN/S
_k954
_mMEN/S